000 00687nam a2200205 i 4500
001 72702
003 ES-MaACL
005 20260215171006.0
007 t|
008 040902s1969 sp ||||1| spa d
100 1 _aGoddard, L. S.
_957504
245 1 0 _aTécnicas matemáticas de la investigación operacional /
_cL.S. Goddard ; versión, Mª Cristina Martínez Calvo, Alberto Pérez de Vargas.
250 _a[1ª ed.].
260 _aMadrid :
_bAlhambra,
_c[1969]
300 _aXII, 263 p. :
_bil. ;
_c20 cm.
700 1 _aMartínez Calvo, María Cristina.
_977916
700 0 _aPérez de Vargas, Alberto
_990813
852 _aES-MaACL
_jC-36003
_bR.69038
999 _c72702
_d72702